000 00630nam a2200229 a 4500
001 17622
003 CO-ViMGA
008 141112s2004 ck r 000 u spa d
020 _a958692078X
040 _aCO-ViMGA
_bspa
_cCO-ViMGA
082 0 4 _a220.9 D715h
100 1 _aDrane, John
_924978
245 1 0 _aHeroes de la biblia
260 _aBogotá,
_cSan Pablo,
_c2000
300 _a22.p.
490 _aEl mundo de la biblia
590 _aForma de adquisición : Premio - Mincultura
650 1 4 _aBIBLIA - HISTORIA SAGRADA
_915484
650 1 4 _aHEROES BIBLICOS
_924979
650 1 4 _aLITERATURA JUVENIL
_9314
942 _2ddc
_cBK
999 _c27115
_d27115